| 000 | 00000nam##2200000za#4500 |
| 001 | 9.580795 |
| 003 | CaOODSP |
| 005 | 20210929082754 |
| 007 | cr ||||||||||| |
| 008 | 150406|2014||||xxc|||||o f|0| 0 eng|d |
| 020 | |a978-1-100-25042-7 |
| 022 | |a1705-5792 |
| 040 | |aCaOODSP|beng |
| 043 | |an-cn--- |
| 086 | 1 |aFo113-1/91-2014E-PDF |
| 110 | 1 |aCanada. |bNatural Resources Canada. |bCanadian Forest Service. |
| 245 | 10|aBetter land management through pan-Canadian forest maps / |h[electronic resource]|c[issued by the] Laurentian Forestry Centre. |
| 260 | |aQuébec - Quebec : |bNatural Resources Canada. |c2014. |
| 300 | |a1p.|bcoloured map |
| 490 | 1 |aBranching out from the Canadian Forest Service, Laurentian Forestry Centre|x1705-5792|v91 |
| 590 | |a15-02|b2015-01-09 |
| 690 | 07|aLand management|2gcpds |
| 775 | 08|tMieux gérer le territoire grâce à des cartes forestières pancanadiennes / |w(CaOODSP)9.607739 |
| 776 | 0#|tMieux gérer le territoire grâce à des cartes forestières pancanadiennes / |w(CaOODSP)9.556231 |
| 776 | 0#|tBetter land management through pan-Canadian forest maps / |w(CaOODSP)9.556230 |
| 830 | #0|aBranching out from the Canadian Forest Service, Laurentian Forestry Centre,|x1705-5792|v91|w(CaOODSP)9.504686 |
| 856 | 40|ahttp://publications.gc.ca|qPDF|s3.29 MB|uhttps://publications.gc.ca/collections/collection_2015/rncan-nrcan/Fo113-1-91-2014-eng.pdf|y91 |